Normal view
MARC view
- Supervisor Dr. Muhammad Umar Farooq Co-Supervisor: Dr. Farhan Hussain
Entry Personal Name
001 - CONTROL NUMBER
- control field: 69877
003 - CONTROL NUMBER IDENTIFIER
- control field: NUST
005 - DATE AND TIME OF LATEST TRANSACTION
- control field: 20210628204319.0
008 - FIXED-LENGTH DATA ELEMENTS
- fixed length control field: 210628|| aca||aabn | a|a d
040 ## - CATALOGING SOURCE
- Original cataloging agency: NUST
- Transcribing agency: NUST
100 ## - HEADING--PERSONAL NAME
- Personal name: Supervisor Dr. Muhammad Umar Farooq Co-Supervisor: Dr. Farhan Hussain
670 ## - SOURCE DATA FOUND
- Source citation: Work cat.: (NUST): Shahid Nabi 69876, TH-SOF-1639-QoE Enhancement in HTTP based Adaptive Video Streaming, 2019
